[Event "Titled Tuesday intern op 7th Mar Late"]
[Site "Chess.com INT"]
[Date "2023.03.07"]
[Round "8"]
[White "Yano, William Jorge Froes"]
[Black "Janaszak, Dawid"]
[Result "0-1"]
[WhiteElo "2045"]
[BlackElo "2322"]
[PlyCount "94"]
[EventDate "2023.03.07"]
[EventType "swiss (blitz)"]
[EventRounds "11"]
[EventCountry "USA"]
[SourceTitle "EXT 2024"]
[Source "ChessBase"]
[SourceDate "2023.10.10"]
[SourceVersion "1"]
[SourceVersionDate "2023.10.10"]
[SourceQuality "1"]

1. e4 e5 2. Nc3 Bc5 3. Bc4 d6 4. d3 Nc6 5. Nge2 Be6 6. 0-0 Qh4 7. Ng3 Nf6 8. Bxe6 fxe6 9. h3 Qxg3 10. Na4 Qh4 11. Nxc5 dxc5 12. f4 0-0 13. c3 Nh5 14. f5 exf5 15. exf5 Nf4 16. Qb3+ Kh8 17. Qxb7 Ne7 18. Qxc7 Nxf5 19. Qxe5 Ng6 20. Qxc5 Ng3 21. Bg5 Ne2+ 22. Kh2 Qg3+ 23. Kh1 Qxd3 24. Rxf8+ Rxf8 25. Re1 h6 26. Be7 Nxe7 27. Qxe7 Rf2 28. Qe8+ Kh7 29. Qc6 Nf4 30. Rg1 Nxh3 31. Re1 Nf4 32. Qe4+ Qxe4 33. Rxe4 Nxg2 34. Kg1 Rxb2 35. Rb4 Rxa2 36. Rb7 Ne3 37. Re7 Nf5 38. Re5 Kg6 39. Rc5 Ra1+ 40. Kf2 h5 41. Kf3 a5 42. Kf4 Rf1+ 43. Ke4 h4 44. Rc6+ Kg5 45. Rc5 h3 46. Rxa5 h2 47. Ra8 h1Q+ 0-1

[Event "Titled Tuesday intern op 28th Feb Late"]
[Site "Chess.com INT"]
[Date "2023.02.28"]
[Round "4"]
[White "Yurovskich, Oleksandr"]
[Black "Yano, William Jorge Froes"]
[Result "1-0"]
[WhiteElo "2328"]
[BlackElo "2045"]
[PlyCount "101"]
[EventDate "2023.02.28"]
[EventType "swiss (blitz)"]
[EventRounds "11"]
[EventCountry "USA"]
[SourceTitle "CBM 213 Extra"]
[Source "ChessBase"]
[SourceDate "2023.05.31"]
[SourceVersion "1"]
[SourceVersionDate "2023.05.31"]
[SourceQuality "1"]

1. d4 Nf6 2. Nf3 g6 3. Bg5 Bg7 4. Nbd2 0-0 5. c3 c5 6. Bxf6 Bxf6 7. Ne4 Bg7 8. Nxc5 b6 9. Nb3 Ba6 10. e3 Bxf1 11. Kxf1 d5 12. g3 Nd7 13. Kg2 Rc8 14. Nbd2 e5 15. dxe5 Nxe5 16. Nxe5 Bxe5 17. Nf3 Bg7 18. Qb3 Qd7 19. Rhd1 Rfd8 20. Rd3 Qf5 21. Rad1 Rc5 22. Nd4 Qh5 23. R1d2 Rd6 24. Ne2 Bh6 25. Qa4 Rf6 26. Nf4 Bxf4 27. exf4 Qf5 28. Qe8+ Kg7 29. Qe5 Qxe5 30. fxe5 Re6 31. f4 f6 32. Rxd5 fxe5 33. Rxc5 bxc5 34. Re2 Kf6 35. Rxe5 Rb6 36. b3 Ra6 37. Re2 h5 38. Kf3 g5 39. fxg5+ Kxg5 40. h4+ Kg6 41. Ke3 Kf5 42. Kf3 Rd6 43. c4 Rd3+ 44. Kg2 Kg4 45. Re4+ Kf5 46. Rf4+ Ke5 47. Rf3 Rd2+ 48. Rf2 Rd3 49. Kh3 Re3 50. Rf8 Re2 51. Re8+ 1-0

[Event "Titled Tuesday intern op 27th Dec Late"]
[Site "Chess.com INT"]
[Date "2022.12.27"]
[Round "10"]
[White "Carbone, Diego"]
[Black "Yano, William Jorge Froes"]
[Result "1-0"]
[WhiteElo "2313"]
[BlackElo "2045"]
[PlyCount "75"]
[EventDate "2022.12.27"]
[EventType "swiss (blitz)"]
[EventRounds "11"]
[EventCountry "USA"]
[SourceTitle "EXT 2024"]
[Source "ChessBase"]
[SourceDate "2023.10.10"]
[SourceVersion "1"]
[SourceVersionDate "2023.10.10"]
[SourceQuality "1"]

1. d4 Nf6 2. c4 c5 3. d5 b5 4. cxb5 a6 5. bxa6 g6 6. Nc3 Bxa6 7. e4 Bxf1 8. Kxf1 d6 9. g3 Bg7 10. Kg2 0-0 11. Nf3 Na6 12. Re1 Nd7 13. h4 Qc7 14. h5 Rfb8 15. Re2 Rb4 16. a3 Rb7 17. Nd2 Nb6 18. hxg6 fxg6 19. a4 Qd7 20. a5 Nb4 21. Nb3 Nc4 22. Na4 Nxa5 23. Nxa5 Rxa5 24. Nb6 Qb5 25. Rxa5 Qxa5 26. Nc4 Qb5 27. b3 Ra7 28. Bg5 Na2 29. Qc2 Nc3 30. Re3 Ra2 31. Qd3 Qxb3 32. e5 Qc2 33. Qxc2 Rxc2 34. exd6 exd6 35. Nxd6 Nxd5 36. Re8+ Bf8 37. Bh6 Nf4+ 38. gxf4 1-0

[Event "Titled Tuesday intern op 27th Dec Late"]
[Site "Chess.com INT"]
[Date "2022.12.27"]
[Round "5"]
[White "Joubert, Dantelle"]
[Black "Yano, William Jorge Froes"]
[Result "0-1"]
[WhiteElo "1566"]
[BlackElo "2045"]
[PlyCount "46"]
[EventDate "2022.12.27"]
[EventType "swiss (blitz)"]
[EventRounds "11"]
[EventCountry "USA"]
[SourceTitle "EXT 2024"]
[Source "ChessBase"]
[SourceDate "2023.10.10"]
[SourceVersion "1"]
[SourceVersionDate "2023.10.10"]
[SourceQuality "1"]

1. d4 Nf6 2. c4 c5 3. d5 b5 4. cxb5 a6 5. bxa6 g6 6. Nc3 Bxa6 7. e4 Bxf1 8. Kxf1 d6 9. g3 Bg7 10. Kg2 0-0 11. Nf3 Ne8 12. Re1 Nd7 13. a4 Nc7 14. Qc2 Ra6 15. Bg5 f6 16. Bd2 Qa8 17. Ra3 Rb8 18. b3 Bf8 19. h4 f5 20. exf5 Nxd5 21. fxg6 N7f6 22. gxh7+ Kh8 23. Ng5 Nf4+ 0-1

[Event "Titled Tuesday intern op 29th Nov Early"]
[Site "Chess.com INT"]
[Date "2022.11.29"]
[Round "8"]
[White "Hrabinska, Myroslava"]
[Black "Yano, William Jorge Froes"]
[Result "0-1"]
[WhiteElo "2210"]
[BlackElo "2045"]
[PlyCount "72"]
[EventDate "2022.11.29"]
[EventType "swiss (blitz)"]
[EventRounds "11"]
[EventCountry "USA"]
[SourceTitle "EXT 2024"]
[Source "ChessBase"]
[SourceDate "2023.10.10"]
[SourceVersion "1"]
[SourceVersionDate "2023.10.10"]
[SourceQuality "1"]

1. e4 e6 2. Nf3 d5 3. e5 c5 4. b4 cxb4 5. a3 Nc6 6. axb4 Bxb4 7. c3 Be7 8. d4 Nh6 9. Bd3 Nf5 10. Na3 0-0 11. h4 f6 12. g4 fxe5 13. gxf5 e4 14. Bc2 exf3 15. fxe6 Bxe6 16. Bg5 Bf5 17. Bxf5 Rxf5 18. Qd3 Qf8 19. Nc2 Re8 20. Ne3 Bxg5 21. hxg5 g6 22. Kd2 Rxg5 23. Rh3 Re7 24. Rah1 Na5 25. Qb5 b6 26. Kc2 Rxe3 27. fxe3 Rg2+ 28. Kb1 Nc4 29. Qxd5+ Qf7 30. Qxf7+ Kxf7 31. Rxf3+ Ke6 32. Rfh3 h5 33. R3h2 Rxh2 34. Rxh2 Kf5 35. Rf2+ Kg5 36. Rg2+ Kf5 0-1

[Event "Titled Tuesday intern op 29th Nov Early"]
[Site "Chess.com INT"]
[Date "2022.11.29"]
[Round "11"]
[White "Yano, William Jorge Froes"]
[Black "Gonzalez, Francisco Silva"]
[Result "1/2-1/2"]
[WhiteElo "2045"]
[BlackElo "2037"]
[PlyCount "100"]
[EventDate "2022.11.29"]
[EventType "swiss (blitz)"]
[EventRounds "11"]
[EventCountry "USA"]
[SourceTitle "EXT 2024"]
[Source "ChessBase"]
[SourceDate "2023.10.10"]
[SourceVersion "1"]
[SourceVersionDate "2023.10.10"]
[SourceQuality "1"]

1. e4 e5 2. Nc3 Nf6 3. f4 d5 4. fxe5 Nxe4 5. Nf3 Bc5 6. Qe2 Bf2+ 7. Kd1 Nxc3+ 8. dxc3 Bb6 9. Bf4 h6 10. Kd2 Bf5 11. Rd1 c6 12. Kc1 Qe7 13. h3 Nd7 14. g4 Be4 15. Bg2 Nc5 16. Nd4 g6 17. Rhf1 Bxg2 18. Qxg2 Ne4 19. c4 0-0-0 20. cxd5 cxd5 21. Nb5 g5 22. Nd6+ Kb8 23. Bh2 Be3+ 24. Kb1 Nxd6 25. exd6 Qe4 26. Qxe4 dxe4 27. Rxf7 h5 28. Be5 Rh6 29. d7+ Ka8 30. Rf8 Bb6 31. Rxd8+ Bxd8 32. Rf1 Rh7 33. gxh5 e3 34. c3 Rxd7 35. h6 e2 36. Re1 Rd1+ 37. Kc2 Rxe1 38. h7 Rc1+ 39. Kb3 e1Q 40. h8Q Qd1+ 41. Ka3 b6 42. Bd4 Kb7 43. Qxd8 Qf3 44. Qd7+ Ka6 45. Qc8+ Ka5 46. b4+ Kb5 47. Qd7+ Ka6 48. Qc8+ Kb5 49. Qd7+ Ka6 50. Qc8+ Kb5 1/2-1/2

[Event "Titled Tuesday intern op 29th Nov Early"]
[Site "Chess.com INT"]
[Date "2022.11.29"]
[Round "1"]
[White "Yano, William Jorge Froes"]
[Black "Yeremyan, Alen"]
[Result "0-1"]
[WhiteElo "2045"]
[BlackElo "2287"]
[PlyCount "76"]
[EventDate "2022.11.29"]
[EventType "swiss (blitz)"]
[EventRounds "11"]
[EventCountry "USA"]
[SourceTitle "EXT 2024"]
[Source "ChessBase"]
[SourceDate "2023.10.10"]
[SourceVersion "1"]
[SourceVersionDate "2023.10.10"]
[SourceQuality "1"]

1. e4 Nf6 2. Nc3 d5 3. exd5 Nxd5 4. Bc4 c6 5. Qf3 Nf6 6. h3 Nbd7 7. Qg3 Nb6 8. Bb3 Bf5 9. Nge2 e6 10. d3 Bd6 11. Qxg7 Rg8 12. Qh6 Rxg2 13. Bg5 Be7 14. Bd2 Qd7 15. 0-0-0 0-0-0 16. Be3 Nbd5 17. Nxd5 Nxd5 18. Bxa7 Bg5+ 19. Qxg5 Rxg5 20. Bd4 Nf4 21. Nxf4 Qxd4 22. Ne2 Qxf2 23. Nc3 Rg2 24. Kb1 Rxd3 25. Rdf1 Qd4 26. cxd3 Bxd3+ 27. Ka1 Bxf1 28. Rxf1 Rg1 29. Rb1 Rxb1+ 30. Kxb1 Qd3+ 31. Bc2 Qxh3 32. a4 h5 33. Ne4 h4 34. Ka2 Qf1 35. Kb3 h3 36. Nd2 Qg2 37. Kc3 h2 38. Be4 Qxe4 0-1

[Event "Titled Tuesday intern op 15th Nov Late"]
[Site "Chess.com INT"]
[Date "2022.11.15"]
[Round "7"]
[White "Do Nascimento, Christian Almeida"]
[Black "Yano, William Jorge Froes"]
[Result "1-0"]
[WhiteElo "2087"]
[BlackElo "2045"]
[PlyCount "183"]
[EventDate "2022.11.15"]
[EventType "swiss (blitz)"]
[EventRounds "11"]
[EventCountry "USA"]
[SourceTitle "CBM 211 Extra"]
[Source "ChessBase"]
[SourceDate "2023.01.31"]
[SourceVersion "1"]
[SourceVersionDate "2023.01.31"]
[SourceQuality "1"]

1. e4 e6 2. d4 d5 3. Nc3 Bb4 4. e5 c5 5. a3 Ba5 6. b4 cxd4 7. Qxd4 Bc7 8. Nf3 Ne7 9. Bd3 Nbc6 10. Qf4 Ng6 11. Bxg6 hxg6 12. 0-0 Rh5 13. Nb5 Bxe5 14. Nxe5 Nxe5 15. Re1 a6 16. Rxe5 axb5 17. Rxh5 gxh5 18. Bb2 f6 19. Qf3 Qe7 20. Qxh5+ Qf7 21. Qe2 Bd7 22. Bd4 e5 23. f4 e4 24. Bc5 Bc6 25. Qe3 Rd8 26. Rd1 Qh5 27. Rd2 Kf7 28. h3 Qh4 29. Bb6 Re8 30. Bc7 Re7 31. Bd6 Re6 32. Bb8 Re8 33. Bc7 Re7 34. Bb6 Re8 35. Rf2 Qh5 36. Kh2 Qd1 37. Bd4 Rh8 38. f5 Bd7 39. c3 Rh4 40. Qg3 Qh5 41. Qd6 Bxf5 42. Qxd5+ Kg6 43. Qd8 Bxh3 44. Qe8+ Kh6 45. Qxh5+ Rxh5 46. gxh3 f5 47. Be3+ Kg6 48. Kg3 Kf6 49. h4 g5 50. Bxg5+ Ke5 51. Bf4+ Ke6 52. Rd2 Rh8 53. Rd6+ Ke7 54. Rd5 Rg8+ 55. Kf2 Ke6 56. Re5+ Kf6 57. Rxb5 Rd8 58. Rb6+ Kf7 59. h5 Rd3 60. Ke2 Rxc3 61. Rxb7+ Ke6 62. Rb6+ Ke7 63. Bg5+ Kf7 64. Rb7+ Ke6 65. h6 Rh3 66. h7 Ke5 67. Rb5+ Kd4 68. Bf6+ Kc4 69. h8Q Rxh8 70. Bxh8 Kxb5 71. Ke3 Ka4 72. Bb2 Kb5 73. Kf4 Kc4 74. Bc1 Kb5 75. Kxf5 e3 76. Bxe3 Ka4 77. Bc1 Kb5 78. Ke4 Ka4 79. Kd5 Kb5 80. Kd6 Ka6 81. a4 Kb6 82. Kd5 Ka6 83. Kc4 Kb6 84. Be3+ Ka6 85. b5+ Kb7 86. a5 Ka8 87. b6 Kb8 88. a6 Ka8 89. Kb5 Kb8 90. Bf4+ Ka8 91. b7+ Ka7 92. b8Q# 1-0

[Event "Titled Tuesday intern op 15th Nov Late"]
[Site "Chess.com INT"]
[Date "2022.11.15"]
[Round "3"]
[White "Ladan, Nicholas John"]
[Black "Yano, William Jorge Froes"]
[Result "0-1"]
[WhiteElo "2091"]
[BlackElo "2045"]
[PlyCount "62"]
[EventDate "2022.11.15"]
[EventType "swiss (blitz)"]
[EventRounds "11"]
[EventCountry "USA"]
[SourceTitle "CBM 211 Extra"]
[Source "ChessBase"]
[SourceDate "2023.01.31"]
[SourceVersion "1"]
[SourceVersionDate "2023.01.31"]
[SourceQuality "1"]

1. b3 Nf6 2. Bb2 g6 3. g3 Bg7 4. Bg2 0-0 5. Nf3 d6 6. 0-0 e5 7. d3 c5 8. c4 Nc6 9. Nc3 Bg4 10. h3 Bd7 11. Nd2 Rb8 12. Nde4 Nxe4 13. dxe4 Be6 14. e3 Re8 15. Qd2 Bf8 16. Rad1 a6 17. a3 Qc8 18. Kh2 b5 19. cxb5 axb5 20. Nd5 Qb7 21. Nf6+ Kg7 22. Nxe8+ Rxe8 23. f4 Bxb3 24. Rc1 Kg8 25. f5 Ra8 26. Rf2 b4 27. axb4 Nxb4 28. Rcf1 Ra2 29. fxg6 hxg6 30. Rxf7 Bxf7 31. Rxf7 Qxf7 0-1

[Event "Titled Tuesday intern op 15th Nov Late"]
[Site "Chess.com INT"]
[Date "2022.11.15"]
[Round "6"]
[White "Salman, Pavel"]
[Black "Yano, William Jorge Froes"]
[Result "1-0"]
[WhiteElo "2287"]
[BlackElo "2045"]
[PlyCount "87"]
[EventDate "2022.11.15"]
[EventType "swiss (blitz)"]
[EventRounds "11"]
[EventCountry "USA"]
[SourceTitle "CBM 211 Extra"]
[Source "ChessBase"]
[SourceDate "2023.01.31"]
[SourceVersion "1"]
[SourceVersionDate "2023.01.31"]
[SourceQuality "1"]

1. d4 Nf6 2. Nc3 c5 3. d5 e6 4. e4 exd5 5. exd5 d6 6. Nf3 g6 7. Bb5+ Nfd7 8. 0-0 Be7 9. Bh6 a6 10. Bd3 Ne5 11. Nxe5 dxe5 12. Bg7 Bf6 13. Bxh8 Bxh8 14. Re1 Kf8 15. Qf3 Nd7 16. Ne4 b5 17. c4 Rb8 18. cxb5 axb5 19. Bxb5 Nf6 20. Nxf6 Bxf6 21. a4 Kg7 22. Rac1 Qd6 23. Re2 Bf5 24. Bd3 Bd7 25. a5 Rb4 26. h3 Bg5 27. Rc4 Rb3 28. Rc3 Rb4 29. Re4 f5 30. Rxb4 cxb4 31. Rc4 e4 32. Bxe4 fxe4 33. Qxe4 Bf5 34. Qd4+ Bf6 35. Qa7+ Kh6 36. Qe3+ Bg5 37. Rh4+ Kg7 38. Qxg5 Qxd5 39. Qe7+ Qf7 40. Rxh7+ Kxh7 41. Qxf7+ Kh6 42. g4 Bc2 43. f4 b3 44. g5+ 1-0

[Event "Titled Tuesday intern op 15th Nov Late"]
[Site "Chess.com INT"]
[Date "2022.11.15"]
[Round "4"]
[White "Yano, William Jorge Froes"]
[Black "Nemec, Vjekoslav"]
[Result "0-1"]
[WhiteElo "2045"]
[BlackElo "2227"]
[PlyCount "76"]
[EventDate "2022.11.15"]
[EventType "swiss (blitz)"]
[EventRounds "11"]
[EventCountry "USA"]
[SourceTitle "CBM 211 Extra"]
[Source "ChessBase"]
[SourceDate "2023.01.31"]
[SourceVersion "1"]
[SourceVersionDate "2023.01.31"]
[SourceQuality "1"]

1. e4 g6 2. Nc3 Bg7 3. d4 d6 4. Be2 a6 5. Be3 b5 6. Qd2 Bb7 7. f3 Nd7 8. Nh3 c5 9. Ng5 cxd4 10. Bxd4 Bxd4 11. Qxd4 Ngf6 12. 0-0-0 Qb6 13. Qd2 h6 14. Nh3 Rc8 15. Kb1 Nc5 16. Nf4 b4 17. Ncd5 Bxd5 18. Nxd5 Nxd5 19. exd5 Na4 20. Rhe1 Nc3+ 21. Ka1 Nxd1 22. Bxd1 Kf8 23. h4 h5 24. Qg5 Rc7 25. g4 Qd4 26. f4 Qf6 27. gxh5 Qxg5 28. fxg5 gxh5 29. Re4 Kg7 30. Rxb4 Rhc8 31. Kb1 Rc4 32. Rb6 Rxh4 33. Rxa6 Rh1 34. Kc1 h4 35. Ra4 Rh8 36. Kd2 h3 37. b4 Rxd1+ 38. Kxd1 h2 0-1

[Event "Titled Tuesday intern op 08th Nov Late"]
[Site "Chess.com INT"]
[Date "2022.11.08"]
[Round "8"]
[White "Do Nascimento, Christian Almeida"]
[Black "Yano, William Jorge Froes"]
[Result "1-0"]
[WhiteElo "2087"]
[BlackElo "2045"]
[PlyCount "35"]
[EventDate "2022.11.08"]
[EventType "swiss (blitz)"]
[EventRounds "11"]
[EventCountry "USA"]
[SourceTitle "EXT 2024"]
[Source "ChessBase"]
[SourceDate "2023.10.10"]
[SourceVersion "1"]
[SourceVersionDate "2023.10.10"]
[SourceQuality "1"]

1. d4 Nf6 2. Bg5 c5 3. d5 b5 4. c4 e6 5. Nf3 h6 6. Bxf6 Qxf6 7. Nc3 a6 8. e4 b4 9. e5 Qg6 10. Bd3 Qh5 11. Ne4 f6 12. dxe6 dxe6 13. exf6 Nd7 14. Ng3 Qf7 15. fxg7 Bxg7 16. Qe2 Bb7 17. Ne4 0-0-0 18. Nd6+ 1-0

[Event "Titled Tuesday intern op 08th Nov Late"]
[Site "Chess.com INT"]
[Date "2022.11.08"]
[Round "9"]
[White "Yano, William Jorge Froes"]
[Black "Curtis, John"]
[Result "1/2-1/2"]
[WhiteElo "2045"]
[BlackElo "2292"]
[PlyCount "81"]
[EventDate "2022.11.08"]
[EventType "swiss (blitz)"]
[EventRounds "11"]
[EventCountry "USA"]
[SourceTitle "EXT 2024"]
[Source "ChessBase"]
[SourceDate "2023.10.10"]
[SourceVersion "1"]
[SourceVersionDate "2023.10.10"]
[SourceQuality "1"]

1. e4 c5 2. Nf3 d6 3. Bb5+ Nd7 4. Ba4 Ngf6 5. e5 dxe5 6. Nxe5 a6 7. Nxd7 Bxd7 8. Bxd7+ Qxd7 9. 0-0 e6 10. Nc3 Be7 11. d3 h6 12. Bf4 Nd5 13. Bd2 0-0 14. Qf3 Nb4 15. Rac1 Nc6 16. Rfe1 Nd4 17. Qh3 f5 18. Ne2 Bf6 19. Nf4 e5 20. Nh5 Nc6 21. Bc3 Rae8 22. Rcd1 b6 23. Nxf6+ Rxf6 24. Re3 Nd4 25. Bxd4 exd4 26. Rxe8+ Qxe8 27. Qf3 Re6 28. Qd5 Kh8 29. g3 Re5 30. Qd6 Re6 31. Qd5 Re5 32. Qb7 Re2 33. Rc1 Rxf2 34. Kxf2 Qe3+ 35. Kg2 Qxc1 36. Qc8+ Kh7 37. Qxf5+ Kg8 38. Qe6+ Kh7 39. Qf5+ Kh8 40. Qf8+ Kh7 41. Qf5+ 1/2-1/2

[Event "Titled Tuesday intern op 25th Oct Late"]
[Site "Chess.com INT"]
[Date "2022.10.25"]
[Round "5"]
[White "Sabar, Ethmane Daouda"]
[Black "Yano, William Jorge Froes"]
[Result "1-0"]
[WhiteElo "2040"]
[BlackElo "2045"]
[PlyCount "69"]
[EventDate "2022.10.25"]
[EventType "swiss (blitz)"]
[EventRounds "11"]
[EventCountry "USA"]
[SourceTitle "EXT 2024"]
[Source "ChessBase"]
[SourceDate "2023.10.10"]
[SourceVersion "1"]
[SourceVersionDate "2023.10.10"]
[SourceQuality "1"]

1. b3 Nf6 2. Bb2 d5 3. e3 c5 4. f4 Nc6 5. Bb5 a6 6. Bxc6+ bxc6 7. Nf3 g6 8. Ne5 Qc7 9. 0-0 Bg7 10. d3 0-0 11. Nd2 a5 12. a4 Rb8 13. Ndf3 Bg4 14. Qd2 Bxf3 15. Rxf3 c4 16. dxc4 dxc4 17. Nxc4 Ne4 18. Qc1 Nc3 19. Kh1 Rfd8 20. Qe1 Ne4 21. Bxg7 Kxg7 22. Qxa5 Qxa5 23. Nxa5 Rd2 24. Nxc6 Rc8 25. Nd4 f6 26. Rc1 e5 27. fxe5 fxe5 28. Ne6+ Kg8 29. Rcf1 h5 30. Rf8+ Rxf8 31. Rxf8+ Kh7 32. Rf7+ Kh6 33. h4 Rxc2 34. Nf8 Nf2+ 35. Kg1 1-0

[Event "Titled Tuesday intern op 18th Oct Late"]
[Site "Chess.com INT"]
[Date "2022.10.18"]
[Round "9"]
[White "Yano, William Jorge Froes"]
[Black "Domingo Nunez, Ruben"]
[Result "0-1"]
[WhiteElo "2045"]
[BlackElo "2383"]
[PlyCount "52"]
[EventDate "2022.10.18"]
[EventType "swiss (blitz)"]
[EventRounds "11"]
[EventCountry "USA"]
[SourceTitle "EXT 2024"]
[Source "ChessBase"]
[SourceDate "2023.10.10"]
[SourceVersion "1"]
[SourceVersionDate "2023.10.10"]
[SourceQuality "1"]

1. e4 Nc6 2. Nc3 d6 3. f4 e5 4. Nf3 g6 5. Bc4 Bg7 6. 0-0 exf4 7. d3 g5 8. h4 h6 9. Nh2 Nf6 10. Nd5 Be6 11. Bd2 Ne5 12. Bb3 Nfg4 13. Nxg4 Nxg4 14. Nxc7+ Qxc7 15. Bxe6 Qb6+ 16. Kh1 Nf2+ 17. Rxf2 Qxf2 18. Be1 Qf1+ 19. Kh2 Be5 20. Bh3 f3+ 21. Bg3 Bxg3+ 22. Kxg3 Qxd1 23. Rxd1 fxg2 24. Kxg2 Rg8 25. h5 g4 26. Rg1 gxh3+ 0-1

[Event "Titled Tuesday intern op 11th Oct Late"]
[Site "Chess.com INT"]
[Date "2022.10.11"]
[Round "8"]
[White "Joubert, Dantelle"]
[Black "Yano, William Jorge Froes"]
[Result "0-1"]
[WhiteElo "1566"]
[BlackElo "2045"]
[PlyCount "136"]
[EventDate "2022.10.11"]
[EventType "swiss (blitz)"]
[EventRounds "11"]
[EventCountry "USA"]
[SourceTitle "EXT 2024"]
[Source "ChessBase"]
[SourceDate "2023.10.10"]
[SourceVersion "1"]
[SourceVersionDate "2023.10.10"]
[SourceQuality "1"]

1. d4 Nf6 2. c4 c5 3. d5 b5 4. cxb5 a6 5. bxa6 g6 6. Nc3 Bxa6 7. e4 Bxf1 8. Kxf1 d6 9. g3 Bg7 10. Kg2 0-0 11. Nf3 Ne8 12. a4 Nc7 13. Re1 Nd7 14. Ra3 Qb8 15. Qc2 Qa7 16. Bf4 Rfb8 17. e5 Nb6 18. exd6 exd6 19. a5 Nc4 20. Ra2 Qa6 21. Re7 Nb5 22. Nxb5 Qxb5 23. Ng5 Rf8 24. Re4 Ne5 25. Bxe5 Bxe5 26. Rea4 Ra6 27. Ne4 Rfa8 28. f4 Bg7 29. Qc4 Qb7 30. b4 f5 31. Nxc5 dxc5 32. bxc5 Bf8 33. c6 Qf7 34. Rd2 Bd6 35. c7 Qxc7 36. Qxc7 Bxc7 37. Rc4 Bd6 38. Rc6 Rxc6 39. dxc6 Bc7 40. Rd7 Bxa5 41. c7 Rc8 42. Rd5 Bxc7 43. Rc5 Kf8 44. h3 Ke7 45. g4 Kd7 46. gxf5 gxf5 47. Rxf5 Re8 48. Kf3 Re7 49. Rh5 Rf7 50. Rh4 Ke7 51. Ke4 Kf6 52. Rh6+ Kg7 53. Rh4 Kg6 54. Rg4+ Kh5 55. Rg5+ Kh4 56. Rf5 Rxf5 57. Kxf5 h5 58. Ke4 Kxh3 59. Kf3 Bd8 60. f5 Bf6 61. Kf2 Kh2 62. Kf3 h4 63. Kf2 h3 64. Kf1 Bd4 65. f6 Bxf6 66. Kf2 Bd4+ 67. Kf1 Kg3 68. Ke2 h2 0-1

[Event "Titled Tuesday intern op 11th Oct Late"]
[Site "Chess.com INT"]
[Date "2022.10.11"]
[Round "9"]
[White "Meduri, Aakaash"]
[Black "Yano, William Jorge Froes"]
[Result "0-1"]
[WhiteElo "2057"]
[BlackElo "2045"]
[PlyCount "44"]
[EventDate "2022.10.11"]
[EventType "swiss (blitz)"]
[EventRounds "11"]
[EventCountry "USA"]
[SourceTitle "EXT 2024"]
[Source "ChessBase"]
[SourceDate "2023.10.10"]
[SourceVersion "1"]
[SourceVersionDate "2023.10.10"]
[SourceQuality "1"]

1. e4 e6 2. d4 d5 3. e5 c5 4. c3 Nc6 5. Nf3 Nh6 6. Bxh6 gxh6 7. Qb3 Bg7 8. Nbd2 0-0 9. Be2 Rb8 10. 0-0 Bd7 11. Rfd1 f6 12. exf6 Qxf6 13. dxc5 Be8 14. Nf1 Kh8 15. Ng3 Bg6 16. Rf1 a6 17. Rae1 h5 18. Bd1 h4 19. Ne2 Be4 20. Ned4 Qg6 21. h3 Nxd4 22. Nxd4 Qxg2# 0-1

[Event "Titled Tuesday intern op 11th Oct Late"]
[Site "Chess.com INT"]
[Date "2022.10.11"]
[Round "10"]
[White "Yano, William Jorge Froes"]
[Black "Ambartsumova, Karina"]
[Result "1-0"]
[WhiteElo "2045"]
[BlackElo "2399"]
[PlyCount "71"]
[EventDate "2022.10.11"]
[EventType "swiss (blitz)"]
[EventRounds "11"]
[EventCountry "USA"]
[SourceTitle "EXT 2024"]
[Source "ChessBase"]
[SourceDate "2023.10.10"]
[SourceVersion "1"]
[SourceVersionDate "2023.10.10"]
[SourceQuality "1"]

1. e4 e5 2. Nc3 Nf6 3. f4 d5 4. fxe5 Nxe4 5. Nf3 Nc6 6. Qe2 Nxc3 7. dxc3 Be7 8. Bf4 0-0 9. 0-0-0 f6 10. Bg3 fxe5 11. Nxe5 Nxe5 12. Qxe5 c6 13. Bd3 Bf6 14. Qh5 g6 15. Qh6 Bg7 16. Qd2 a5 17. Kb1 a4 18. a3 Bg4 19. Rdf1 Qb6 20. h3 Bd7 21. Bd6 Rxf1+ 22. Rxf1 c5 23. Bg3 Re8 24. Be2 Rxe2 25. Qxe2 Bxc3 26. b3 axb3 27. Kc1 Bb5 28. Qe7 Bxf1 29. Bd6 Bd2+ 30. Kxd2 Qa5+ 31. c3 Qa8 32. Qe6+ Kg7 33. Be5+ Kh6 34. Bf4+ Kg7 35. Qe7+ Kg8 36. Bh6 1-0

[Event "Titled Tuesday intern op 27th Sep Late"]
[Site "Chess.com INT"]
[Date "2022.09.27"]
[Round "1"]
[White "Fernandez de La Vara, Arnaldo"]
[Black "Yano, William Jorge Froes"]
[Result "1-0"]
[WhiteElo "2462"]
[BlackElo "2045"]
[PlyCount "47"]
[EventDate "2022.09.27"]
[EventType "swiss (blitz)"]
[EventRounds "11"]
[EventCountry "USA"]
[SourceTitle "CBM 210 Extra"]
[Source "ChessBase"]
[SourceDate "2022.11.30"]
[SourceVersion "1"]
[SourceVersionDate "2022.11.30"]
[SourceQuality "1"]

1. Nf3 Nf6 2. g3 g6 3. b3 Bg7 4. Bb2 0-0 5. Bg2 d5 6. c4 c6 7. 0-0 Bg4 8. d3 Qc8 9. Nbd2 Bh3 10. Re1 Bxg2 11. Kxg2 Nbd7 12. Rc1 e6 13. e4 Qd8 14. Qc2 Qa5 15. a3 Rac8 16. h4 h5 17. d4 Qd8 18. b4 Bh6 19. Ng5 dxe4 20. Rcd1 e3 21. Rxe3 Ng4 22. Rxe6 fxe6 23. Qxg6+ Bg7 24. Qh7# 1-0